Pērīccampal̲akkūṭai. (Record no. 68174)

MARC details
000 -LEADER
fixed length control field 00587cam a22002411 4500
001 - CONTROL NUMBER
control field sa 66002146
003 - CONTROL NUMBER IDENTIFIER
control field DLC
005 - DATE AND TIME OF LATEST TRANSACTION
control field 20260227112227.0
008 - FIXED-LENGTH DATA ELEMENTS--GENERAL INFORMATION
fixed length control field 950117s1963 ii 000 1 tamo
010 ## - LIBRARY OF CONGRESS CONTROL NUMBER
LC control number sa 66002146
025 ## - OVERSEAS ACQUISITION NUMBER
Overseas acquisition number PL480:I-T-601
035 ## - SYSTEM CONTROL NUMBER
System control number (OCoLC)31829429
040 ## - CATALOGING SOURCE
Original cataloging agency DLC
Transcribing agency CU
Modifying agency CU
-- DLC
042 ## - AUTHENTICATION CODE
Authentication code premarc
050 00 - LIBRARY OF CONGRESS CALL NUMBER
Classification number PL4758.8
Item number .N3
100 1# - MAIN ENTRY--PERSONAL NAME
Personal name Naṭarājan̲, A. Le.
245 10 - TITLE STATEMENT
Title Pērīccampal̲akkūṭai.
260 ## - PUBLICATION, DISTRIBUTION, ETC.
Date of publication, distribution, etc. [1963]
300 ## - PHYSICAL DESCRIPTION
Extent 148 p.
Dimensions 19 cm.
500 ## - GENERAL NOTE
General note In Tamil.
500 ## - GENERAL NOTE
General note Short stories.
650 #0 - SUBJECT ADDED ENTRY--TOPICAL TERM
Topical term or geographic name entry element Short stories, Tamil.

No items available.

Powered by Koha